| 000 | 00693nam a22002057a 4500 | ||
|---|---|---|---|
| 999 |
_c576 _d576 |
||
| 003 | AR-CdUCM | ||
| 008 | 190225b ||||| |||| 00| 0 spa d | ||
| 040 |
_aMUNICIPALIDAD PROVINCIAL DEL CUSCO _cBIBLIOTECA MUNICIPAL DEL CUSCO |
||
| 082 |
_a801.953 / _bV77 |
||
| 100 |
_aVivanco Tarco, Isaac _92244 |
||
| 245 |
_aLas Olimpiadas 2042 / _cIsaac Vivanco Tarco |
||
| 260 |
_aLima : _bGrafico del sur, _c2010. |
||
| 300 |
_a62 paginas ; _c25cm. |
||
| 505 | _aContenido: Sueño y discursos -- Historia de juegos Olimpicos -- Peru | ||
| 650 |
_aJuegos olimpicos _92245 |
||
| 650 |
_aSueños y discursos _92246 |
||
| 650 |
_aEl mundo al reves _92247 |
||
| 942 |
_2ddc _cLIBROS |
||
| 945 |
_apjha _d2019-02-25 |
||